Văn học dân gian; T1

Uloženo v:
Podrobná bibliografie
Hlavní autor: Đinh Gia Khánh
Médium: Kniha
Jazyk:Undetermined
Vydáno: Hà Nội ĐH và THCN 1977
Témata:
Tagy: Přidat tag
Žádné tagy, Buďte první, kdo otaguje tento záznam!
Thư viện lưu trữ: Trung tâm Học liệu Trường Đại học Cần Thơ
LEADER 00515nam a2200169Ia 4500
001 CTU_47304
008 210402s9999 xx 000 0 und d
082 |a 398.32 
082 |b Kh107/T1/1977 
100 |a Đinh Gia Khánh 
245 0 |a Văn học dân gian; T1 
245 0 |c Đinh Gia Khánh, Chu Xuân Diên 
260 |a Hà Nội 
260 |b ĐH và THCN 
260 |c 1977 
650 |a folk literature, vietnamese - history and criticism 
980 |a Trung tâm Học liệu Trường Đại học Cần Thơ